| 000 | 00875nas a2200277 4500 | ||
|---|---|---|---|
| 001 | BR2018002710 | ||
| 003 | BR-BrBNA | ||
| 005 | 20231205131520.0 | ||
| 007 | ta | ||
| 008 | 230509b bl.|||p| |||| 00| 00por d | ||
| 040 |
_aBR-BrBNA _bpor _cBiblioteca Nacional de Agricultura |
||
| 041 | _a(En) | ||
| 072 | _aP34; K10 | ||
| 100 | 1 | _aNobre, C.P. | |
| 100 | 1 | _aCosta, M.G. da | |
| 100 | 1 | _aGoto, B.T. | |
| 100 | 1 | _aGehring, C. | |
| 245 | 1 | _aArbuscular mycorrhizal fungi associated with the babassu palm (Attalea speciosa)in the eastern periphery of Amazonia, Brazil | |
| 650 | _aBABAÇU | ||
| 650 | _aANÁLISE DO SOLO | ||
| 650 | _aMICORRIZA VESICULAR ARBUSCULAR | ||
| 650 | _aAMAZÔNIA | ||
| 773 | 0 |
_tActa Amazônica (Brazil) _xISSN 0044-5967 _g(Dec 2018), v. 48(4) p. 321-329 _wBR2018002710 |
|
| 909 |
_a202311 _bLúcia _c55 _dLúcia Elande |
||
| 942 |
_2AGRIS _n0 _cANA |
||
| 999 |
_c255232 _d255232 |
||